LEADER 01128nam a2200193 i 4500 001 000000242358 003 CaOOAMICUS 005 20150604000000.0 008 150604s1779 it u000 u ita u 013 $a221263 026 $ai.ia p-i- caai (aIm (3) 1779 (R) 040 $aSeMil$bita 245 10$aChe contiene tre Frammenti per servir di risposta a quel che si era scritto contra l'Esposizion della dottrina della Chiesa: ed il Catechismo per la diocesi di Meaux. 300 $a480 p. 500 $aSegn. : A-2G8. 773 0 $aBossuet, Jacques-Bénigne $tOpere di monsignor Jacopo-Benigno Bossuet, vescovo di Meaux, consigliere del re ne' suoi consigli, ... Tomo 1. [-36.].$dIn Napoli : nella Stamperia de' Fratelli di Paci : a spese di Andrea Migliaccio,, 1777-1784.$gTomo20$w()31977 850 $aSeMil 852 $aSeMil$W1$xVenegono$y1$m3F III 50 FA$j192704$B192704$CSeMilBibl$Z2$F203507 $8I 996 $6245$aChe contiene tre Frammenti per servir di risposta a quel che si era scritto contra l'Esposizion della dottrina della Chiesa: ed il Catechismo per la diocesi di Meaux$9(OLS)http://semarc/title/344146 LEADER 00775nam a2200205 i 4500 001 000000192085 003 CaOOAMICUS 005 20100915000000.0 008 100915s1967 it u000 u ita u 013 $a170658 040 $aSeMil$bita 245 10$a1. 260 $aRoma :$bCinque Lune,$c1967. 300 $aXIV, 1152 p. ;$c22 cm. 773 0 $aDemocrazia Cristiana$tAtti e documenti della Democrazia Cristiana, 1943-1967.$dRoma : Cinque Lune, 1967-1968.$gVolume1$w()6539 850 $aSeMil 852 $aSeMil$W1$xVenegono$y1$m3N IV 586/1$j142661$B142661$CSeMilBibl$Z2$F155112 $81 961 $aLascito: Grampa dott. Cesare 996 $6245$a1$9(OLS)http://semarc/title/6508 996 $6260$aRoma :$bCinque Lune$9(OLS)http://semarc/publisher/31289